| 000 | 00404nam a2200157 a 4500 | ||
|---|---|---|---|
| 005 | 20140310183255.0 | ||
| 008 | 041023s19uu xx 00 eng d | ||
| 050 |
_aRC 466 _b.Oo59 2003 |
||
| 100 | _aOoijen, Els Van | ||
| 245 | _aClinical supervision made easy/. | ||
| 521 | _aNUR | ||
| 650 | _aMental health counselling. | ||
| 650 | _aClinical competence. | ||
| 942 |
_cBK _2lcc _kFOR |
||
| 999 |
_c20842 _d20842 |
||